Statistics for Top 10 Los Angeles Angels of All-Time

Click here to take the quiz!

General Stats

  • This quiz has been taken 1,133 times
  • The average score is 4 of 10

Answer Stats

WARYearsPositionPlayer% Correct
73.42011-2019OFMike Trout
94%
45.21972-1979PNolan Ryan
73%
31.42006-2016PJered Weaver
66%
35.41992-2006OFTim Salmon
63%
46.01986-1999PChuck Finley
37%
35.61977-19862BBobby Grich
23%
42.61961-1971SSJim Fregosi
19%
30.81973-1980PFrank Tanana
14%
36.51978-1990C/DH/OFBrian Downing
13%
34.51981-1990PMike Witt
13%

Score Distribution

Percentile by Number Answered

Percent of People with Each Score

Your Score History

You have not taken this quiz